000 00591nam a2200241Ia 4500
003 OSt
005 20220924144603.0
006 a|||||r|||| 00| 0
007 ta
008 220923b |||||||| |||| 00| 0 urd d
020 _c20.00
024 _a316066
037 _cTextual
040 _aARTS
_cARTS
_burd
041 _2urd
_aurd
082 _aO168,1NSH4x, M3
100 _aShabab Ali
_9217974
245 0 _aZard mausamon ke dard
260 _c1983
650 _aURDU POETRY
942 _hO168,1NSH4x, M3
_cTEXL
_2CC
999 _c457569
_d457569